[Event "XI Festival A"]
[Site "Trieste ITA"]
[Date "2009.09.03"]
[Round "6"]
[White "Vianello, Enrico"]
[Black "Egartner, Wolfgang"]
[Result "1-0"]
[WhiteElo "2200"]
[BlackElo "2153"]
[PlyCount "61"]
[EventDate "2009.08.30"]

1. d4 d5 2. Nf3 c6 3. c4 Nf6 4. Qc2 g6 5. Bf4 Bf5 6. Qc1 dxc4 7. Qxc4 Bg7 8.
Nc3 O-O 9. e3 b5 10. Qb3 a6 11. Be2 Nbd7 12. a4 Qb6 13. axb5 axb5 14. O-O Ne4
15. h3 Nxc3 16. bxc3 Nf6 17. Bh2 Ra7 18. c4 Rb7 19. c5 Qd8 20. Ne5 Be6 21. Qa3
Bd5 22. Qa6 Qc8 23. f3 Nd7 24. e4 Bxe5 25. Bxe5 Bb3 26. Bg3 Ba4 27. Qa5 Nf6 28.
Rfb1 Qd7 29. Qc3 Rc8 30. Rb2 Qd8 31. Rxa4 1-0

[Event "XI Festival A"]
[Site "Trieste ITA"]
[Date "2009.09.03"]
[Round "6"]
[White "Judkovsky, Yair"]
[Black "Kragelj, Igor"]
[Result "1/2-1/2"]
[WhiteElo "2244"]
[BlackElo "2232"]
[PlyCount "57"]
[EventDate "2009.08.30"]

1. e4 c5 2. Nf3 e6 3. d4 cxd4 4. Nxd4 Nc6 5. Nc3 Qc7 6. g3 a6 7. Bg2 Nf6 8.
Nde2 b5 9. a3 Bb7 10. O-O Be7 11. h3 O-O 12. g4 h6 13. f4 d6 14. Ng3 Nh7 15.
Kh1 Rfe8 16. Nge2 Rac8 17. b3 Bf6 18. Bb2 Nf8 19. Qd2 Ng6 20. Rad1 Red8 21. Nd5
exd5 22. Bxf6 gxf6 23. f5 Nge5 24. Nf4 Ne7 25. Nh5 Kh7 26. Nxf6+ Kg7 27. Nh5+
Kh7 28. Nf6+ Kg7 29. Nh5+ 1/2-1/2

[Event "XI Festival A"]
[Site "Trieste ITA"]
[Date "2009.09.04"]
[Round "7"]
[White "Baklan, Vladimir"]
[Black "Epishin, Vladimir V."]
[Result "1-0"]
[WhiteElo "2639"]
[BlackElo "2592"]
[PlyCount "127"]
[EventDate "2009.08.30"]

1. e4 d5 2. exd5 Qxd5 3. Nc3 Qd6 4. d4 Nf6 5. Nf3 c6 6. g3 Bg4 7. Bg2 e6 8. h3
Bh5 9. O-O Be7 10. Ne2 O-O 11. c3 Qc7 12. Nf4 Bxf3 13. Qxf3 Nbd7 14. Nd3 a5 15.
a4 Rac8 16. Re1 Bd6 17. Bd2 b6 18. Rad1 Rfd8 19. Qe2 h6 20. h4 Nd5 21. b3 N7f6
22. Qf3 Qe7 23. Re2 Nd7 24. Bh3 Qf8 25. c4 Nb4 26. Nf4 Re8 27. Nh5 Rcd8 28. Bc3
g6 29. d5 cxd5 30. Bg7 Qe7 31. Bf6 Nxf6 32. Nxf6+ Kg7 33. Nxe8+ Rxe8 34. cxd5
e5 35. h5 Na6 36. hxg6 fxg6 37. Qc3 Nc5 38. Rde1 Qf6 39. Re3 Rf8 40. R1e2 h5
41. Bg2 Qf5 42. Rc2 h4 43. Rf3 Qh5 44. Rxf8 Kxf8 45. gxh4 Qxh4 46. Qf3+ Qf4 47.
Rc3 Kg7 48. Re3 Qd4 49. Qe2 Qa1+ 50. Qf1 Qd4 51. Rh3 e4 52. Qc1 Kf6 53. Qh6
Qd1+ 54. Bf1 Qg4+ 55. Kh1 Qd1 56. Qh4+ Kf5 57. Kg2 Qxd5 58. Be2 Qd2 59. Bg4+
Ke5 60. Qh8+ Kd5 61. Qg8+ Ke5 62. Qxg6 Qf4 63. Qg8 Kf6 64. Rh7 1-0

[Event "XI Festival A"]
[Site "Trieste ITA"]
[Date "2009.09.04"]
[Round "7"]
[White "Bevilacqua, Andrea"]
[Black "Khenkin, Igor"]
[Result "0-1"]
[WhiteElo "2105"]
[BlackElo "2634"]
[PlyCount "86"]
[EventDate "2009.08.30"]

1. e4 c5 2. Nf3 Nc6 3. Nc3 e6 4. d4 cxd4 5. Nxd4 Nf6 6. Nxc6 bxc6 7. e5 Nd5 8.
Nxd5 cxd5 9. Be3 Qc7 10. Bd4 Bc5 11. c3 O-O 12. Bxc5 Qxc5 13. Bd3 Rb8 14. Qe2
d4 15. Qe4 g6 16. Qxd4 Qxd4 17. cxd4 Rxb2 18. Bc4 Rb4 19. Rc1 Bb7 20. O-O Rc8
21. Bb3 Rxc1 22. Rxc1 Rxd4 23. f3 g5 24. Rc3 Bc6 25. Kf2 Rd2+ 26. Kg3 a5 27. a4
Rd4 28. Kf2 Bxa4 29. Bxa4 Rxa4 30. Rd3 Ra2+ 31. Kg3 Re2 32. Rxd7 Rxe5 33. Ra7
Kg7 34. h4 h6 35. hxg5 hxg5 36. f4 gxf4+ 37. Kxf4 Rb5 38. g4 Kf6 39. Kf3 Rb3+
40. Ke4 Ra3 41. Kf4 Ra4+ 42. Kf3 Ra1 43. Kf4 a4 0-1

[Event "XI Festival A"]
[Site "Trieste ITA"]
[Date "2009.09.04"]
[Round "7"]
[White "Egartner, Wolfgang"]
[Black "Laco, Giuseppe"]
[Result "1-0"]
[WhiteElo "2153"]
[BlackElo "2135"]
[PlyCount "109"]
[EventDate "2009.08.30"]

1. d4 f5 2. g3 Nf6 3. Bg2 e6 4. c4 d5 5. Nf3 c6 6. O-O Be7 7. b3 O-O 8. a4 a5
9. Ba3 Bxa3 10. Nxa3 Na6 11. Ne5 Ng4 12. Nxg4 fxg4 13. Qd2 b6 14. f4 Ra7 15. e3
Nc7 16. Rfd1 Ne8 17. b4 Nf6 18. b5 cxb5 19. Nxb5 Rd7 20. c5 Bb7 21. Rdc1 Bc6
22. Rab1 h5 23. Rb2 h4 24. gxh4 bxc5 25. Rxc5 Ba8 26. Qc2 Qe8 27. Nc7 Qf7 28.
Nxa8 Rxa8 29. Rc8+ Rd8 30. Rxa8 Rxa8 31. Qc6 Re8 32. Bf1 Qh5 33. Qc7 Kh8 34.
Qxa5 Qxh4 35. Bg2 Rc8 36. Qd2 g5 37. fxg5 Qxg5 38. a5 Ra8 39. Qe1 Kg7 40. Rb7+
Kg6 41. Rb3 Qf5 42. Bf1 Ne4 43. Bd3 Qf3 44. a6 Kg5 45. Qe2 Kh4 46. Qxf3 gxf3
47. Bxe4 dxe4 48. Ra3 Ra7 49. Ra5 Kg4 50. Re5 Rxa6 51. Rxe4+ Kh3 52. Kf2 Rb6
53. Kxf3 Kxh2 54. Kg4 Kg2 55. Re5 1-0

[Event "XI Festival A"]
[Site "Trieste ITA"]
[Date "2009.09.04"]
[Round "7"]
[White "Genocchio, Daniele"]
[Black "Judkovsky, Yair"]
[Result "1-0"]
[WhiteElo "2455"]
[BlackElo "2244"]
[PlyCount "67"]
[EventDate "2009.08.30"]

1. d4 Nf6 2. c4 g6 3. Nc3 Bg7 4. e4 d6 5. f4 O-O 6. Nf3 c5 7. d5 e6 8. dxe6
Bxe6 9. Bd3 Nc6 10. O-O Bg4 11. h3 Bxf3 12. Qxf3 Nd4 13. Qf2 a6 14. f5 b5 15.
Bg5 h6 16. Bxf6 Qxf6 17. e5 dxe5 18. Nd5 Qd6 19. f6 Bh8 20. Rae1 Rad8 21. b3
Kh7 22. Re4 Rfe8 23. h4 Re6 24. h5 Rg8 25. Rh4 e4 26. Bxe4 Rxe4 27. Rxe4 gxh5
28. Rxd4 cxd4 29. Qf5+ Rg6 30. Ne7 Qg3 31. Nxg6 Qxg6 32. c5 d3 33. Qxg6+ Kxg6
34. c6 1-0

[Event "XI Festival A"]
[Site "Trieste ITA"]
[Date "2009.09.04"]
[Round "7"]
[White "Kragelj, Igor"]
[Black "Vianello, Enrico"]
[Result "1/2-1/2"]
[WhiteElo "2232"]
[BlackElo "2200"]
[PlyCount "54"]
[EventDate "2009.08.30"]

1. d4 d5 2. c4 Nc6 3. cxd5 Qxd5 4. e3 e5 5. Nc3 Bb4 6. Bd2 Bxc3 7. Bxc3 exd4 8.
Ne2 Nf6 9. Nxd4 O-O 10. Nxc6 Qxc6 11. Rc1 Bg4 12. f3 Bh5 13. Bd4 Qd6 14. Qc2
Rfe8 15. Be2 Nd5 16. Kf2 c6 17. Qc5 Qd8 18. Bc4 Rc8 19. Bxd5 b6 20. Qc4 Qxd5
21. Qxd5 cxd5 22. Rc3 Rxc3 23. Bxc3 f6 24. Rd1 Bf7 25. a3 Be6 26. Rd4 Rc8 27.
Ke2 Kf7 1/2-1/2

[Event "XI Festival A"]
[Site "Trieste ITA"]
[Date "2009.09.04"]
[Round "7"]
[White "Mazi, Leon"]
[Black "Piscopo, Pierluigi"]
[Result "0-1"]
[WhiteElo "2362"]
[BlackElo "2415"]
[PlyCount "82"]
[EventDate "2009.08.30"]

1. e4 c5 2. Nf3 Nc6 3. d4 cxd4 4. Nxd4 Nf6 5. Nc3 e5 6. Ndb5 d6 7. Bg5 a6 8.
Na3 b5 9. Nd5 Qa5+ 10. Bd2 Qd8 11. Bg5 Be7 12. Bxf6 Bxf6 13. c3 O-O 14. Nc2 Rb8
15. Bd3 Bg5 16. O-O Ne7 17. Nce3 Bxe3 18. Nxe3 Bb7 19. a4 d5 20. exd5 Nxd5 21.
Re1 Nf4 22. Bf1 Qb6 23. axb5 axb5 24. Qg4 f5 25. Nxf5 Qf6 26. Ne3 h5 27. Qd7
Rf7 28. Qd2 Qg6 29. Kh1 h4 30. Ra7 h3 31. Rxb7 Rbxb7 32. g3 Rbd7 33. Qc1 Nd3
34. Bxd3 Rxd3 35. Kg1 Rfd7 36. Qa1 Qc6 37. Qa2+ Kh8 38. f3 Qxf3 39. Qe6 Rxe3
40. Qxh3+ Kg8 41. Qe6+ Rf7 0-1

[Event "XI Festival A"]
[Site "Trieste ITA"]
[Date "2009.09.04"]
[Round "7"]
[White "Mikhalevski, Victor"]
[Black "Kovchan, Alexander"]
[Result "0-1"]
[WhiteElo "2631"]
[BlackElo "2554"]
[PlyCount "60"]
[EventDate "2009.08.30"]

1. d4 Nf6 2. c4 g6 3. Nc3 d5 4. cxd5 Nxd5 5. e4 Nxc3 6. bxc3 Bg7 7. Bc4 c5 8.
Ne2 O-O 9. O-O Nc6 10. Be3 Na5 11. Bd3 b6 12. Qd2 e5 13. Bg5 Qd6 14. dxe5 Bxe5
15. Rad1 c4 16. Bc2 Bxh2+ 17. Kh1 Qxd2 18. Rxd2 Be5 19. f4 Bg7 20. f5 Re8 21.
Ba4 Rxe4 22. Rd8+ Bf8 23. fxg6 hxg6 24. Be8 f5 25. Bxg6 Rxe2 26. Bxf5 Bb7 27.
Rd7 Bxg2+ 28. Kg1 Bc5+ 29. Rf2 Rxf2 30. Be6+ Kh8 0-1

[Event "XI Festival A"]
[Site "Trieste ITA"]
[Date "2009.09.04"]
[Round "7"]
[White "Pasquotto, Mirko"]
[Black "Tonel, Giulia"]
[Result "1-0"]
[WhiteElo "1922"]
[BlackElo "2004"]
[PlyCount "107"]
[EventDate "2009.08.30"]

1. d4 c5 2. d5 f5 3. Nc3 Nf6 4. Bg5 Qb6 5. Qd3 g6 6. Bxf6 Qxf6 7. e4 Bg7 8. Nf3
d6 9. Nd2 O-O 10. h4 Na6 11. a3 Nc7 12. h5 Rb8 13. hxg6 hxg6 14. a4 Na6 15. Qg3
e6 16. Bc4 f4 17. Qh3 e5 18. Qh2 Nb4 19. O-O-O Bd7 20. Nb5 a6 21. Nc7 b5 22.
Ne6 bxc4 23. Nxf8 Kxf8 24. Nxc4 Bxa4 25. b3 Bb5 26. c3 Na2+ 27. Kc2 Bxc4 28.
bxc4 Qd8 29. Rb1 Nb4+ 30. cxb4 cxb4 31. Qh3 Qc7 32. Qb3 Qc5 33. Rhf1 a5 34. Ra1
Rc8 35. f3 Qd4 36. Rxa5 Rxc4+ 37. Kb1 Rc3 38. Ra8+ Kf7 39. Qd1 Qe3 40. Ra2 b3
41. Rb2 Qd4 42. Qe2 Qc5 43. Qd2 Qd4 44. Rc1 Rd3 45. Qa5 Bf8 46. Qc7+ Be7 47.
Qc4 Qe3 48. Qc8 Kg7 49. Rh1 Bf8 50. Qd7+ Kf6 51. Qe8 Bg7 52. Qe6+ Kg5 53. Qe7+
Bf6 54. Qh7 1-0

[Event "XI Festival A"]
[Site "Trieste ITA"]
[Date "2009.09.04"]
[Round "7"]
[White "Pregarac, Valter"]
[Black "Jacob, Volker"]
[Result "0-1"]
[WhiteElo "2098"]
[BlackElo "2257"]
[PlyCount "54"]
[EventDate "2009.08.30"]

1. d4 Nf6 2. c4 g6 3. Nc3 Bg7 4. Nf3 O-O 5. Bg5 c5 6. d5 d6 7. e3 h6 8. Bh4 e6
9. Be2 exd5 10. cxd5 Na6 11. Nd2 Nc7 12. e4 b5 13. a4 b4 14. Na2 Re8 15. f3 g5
16. Bg3 Nh5 17. Nc4 Nxg3 18. hxg3 f5 19. exf5 Bxf5 20. Qd2 Qd7 21. g4 Bg6 22.
g3 Re7 23. Kf1 Rae8 24. Bd3 Bf7 25. Bf5 Qxa4 26. Qc1 Bxd5 27. Nxd6 Qa6+ 0-1

[Event "XI Festival A"]
[Site "Trieste ITA"]
[Date "2009.09.04"]
[Round "7"]
[White "Suc, Timothy"]
[Black "Fusari, Paolo"]
[Result "1-0"]
[WhiteElo "1991"]
[BlackElo "1898"]
[PlyCount "70"]
[EventDate "2009.08.30"]

1. Nf3 Nf6 2. c4 g6 3. Nc3 Bg7 4. e4 d6 5. d4 Nc6 6. d5 Nb8 7. Be2 O-O 8. O-O
Nbd7 9. Bg5 Nc5 10. Nd2 Nfd7 11. f4 f5 12. exf5 Rxf5 13. Bg4 Rf8 14. Qe2 Nf6
15. Bxc8 Qxc8 16. Rae1 Re8 17. Nde4 Ng4 18. Nxc5 Bd4+ 19. Kh1 dxc5 20. Ne4 Ne3
21. Rf3 Nf5 22. Ng3 Nxg3+ 23. Rxg3 a5 24. Bh6 Ra6 25. Rg5 Rf6 26. b3 Rxf4 27.
Rxg6+ hxg6 28. Bxf4 Rf8 29. Bg3 Qf5 30. h3 Rf7 31. Bxc7 Rh7 32. Qe6+ Qxe6 33.
Rxe6 Rf7 34. Rxg6+ Kh7 35. Re6 a4 1-0

[Event "XI Festival A"]
[Site "Trieste ITA"]
[Date "2009.09.04"]
[Round "7"]
[White "Tonon, Alessandro"]
[Black "Dvirnyy, Danyyil"]
[Result "0-1"]
[WhiteElo "2248"]
[BlackElo "2440"]
[PlyCount "74"]
[EventDate "2009.08.30"]

1. Nf3 Nf6 2. d4 g6 3. g3 Bg7 4. Bg2 O-O 5. O-O d6 6. c4 Nc6 7. Nc3 a6 8. h3
Rb8 9. a4 Bf5 10. d5 Na5 11. Nd2 c5 12. e4 Bd7 13. Qe2 e6 14. dxe6 Bxe6 15. f4
Re8 16. g4 d5 17. f5 Bc8 18. Qf3 dxc4 19. g5 Nh5 20. f6 Bf8 21. Nd5 Be6 22. Qc3
Nc6 23. Nxc4 b5 24. axb5 axb5 25. Nce3 Nd4 26. Qa5 Ng3 27. Qxd8 Rbxd8 28. Rf2
Bxd5 29. exd5 Nge2+ 30. Rxe2 Nxe2+ 31. Kf2 Nxc1 32. Rxc1 h6 33. h4 hxg5 34.
hxg5 Re5 35. Kf3 Rxg5 36. Kf4 Bh6 37. Kf3 Rxg2 0-1

[Event "XI Festival A"]
[Site "Trieste ITA"]
[Date "2009.09.04"]
[Round "7"]
[White "Tratar, Marko"]
[Black "Lenic, Luka"]
[Result "1/2-1/2"]
[WhiteElo "2494"]
[BlackElo "2565"]
[PlyCount "36"]
[EventDate "2009.08.30"]

1. d4 Nf6 2. c4 g6 3. Nf3 Bg7 4. g3 O-O 5. Bg2 d6 6. O-O Nc6 7. Nc3 a6 8. d5
Na5 9. Nd2 c5 10. Qc2 Rb8 11. b3 b5 12. Bb2 bxc4 13. bxc4 Bh6 14. f4 e5 15.
dxe6 Bxe6 16. Nd5 Bxd5 17. cxd5 Rxb2 18. Qxb2 Bg7 1/2-1/2

[Event "XI Festival A"]
[Site "Trieste ITA"]
[Date "2009.09.04"]
[Round "7"]
[White "Varini, Massimo"]
[Black "Milazzo, Mario"]
[Result "0-1"]
[WhiteElo "2084"]
[BlackElo "2068"]
[PlyCount "136"]
[EventDate "2009.08.30"]

1. d4 f5 2. g3 g6 3. Bg2 Nf6 4. c4 Bg7 5. Nf3 d6 6. b4 O-O 7. Bb2 a5 8. a3 axb4
9. axb4 Rxa1 10. Bxa1 Ng4 11. Nbd2 e5 12. dxe5 Nxe5 13. Nxe5 dxe5 14. O-O Nc6
15. Bc3 e4 16. Bxg7 Kxg7 17. b5 Ne5 18. Qa1 Qf6 19. Qa7 Rd8 20. Qb8 Qd6 21. Nb3
Be6 22. Qxb7 Bxc4 23. Na5 Bxe2 24. Re1 Bd3 25. Nc6 Nxc6 26. bxc6 Re8 27. Ra1
Re7 28. Ra8 e3 29. fxe3 Qc5 30. Qb2+ Kf7 31. h4 Rxe3 32. Kh2 Re2 33. Qb3+ Qc4
34. Qxc4+ Bxc4 35. Rd8 Re7 36. Kg1 Kf6 37. Bf3 Bb5 38. Kf2 h6 39. Bd5 Re2+ 40.
Kf3 Rd2 41. Ke3 Rd3+ 42. Kf2 Ke5 43. Rg8 Rxd5 44. Rxg6 Rd6 45. Rg7 Rxc6 46. Rh7
Bd3 47. Re7+ Kf6 48. Rh7 Kg6 49. Rh8 Be4 50. Ke3 Rc3+ 51. Kf4 Kg7 52. Re8 Kf7
53. Rh8 Rf3+ 54. Ke5 Rxg3 55. Rxh6 c6 56. Rh7+ Kg6 57. Rh8 Kg7 58. Rd8 Rh3 59.
Kf4 Rxh4+ 60. Kg5 Rg4+ 61. Kh5 Kf6 62. Rf8+ Ke7 63. Ra8 Kd6 64. Rd8+ Kc5 65.
Rd1 Rg2 66. Kh4 Kb5 67. Kh3 c5 68. Re1 Rg7 0-1

[Event "XI Festival A"]
[Site "Trieste ITA"]
[Date "2009.09.05"]
[Round "8"]
[White "Bevilacqua, Andrea"]
[Black "Tonon, Alessandro"]
[Result "1/2-1/2"]
[WhiteElo "2105"]
[BlackElo "2248"]
[PlyCount "25"]
[EventDate "2009.08.30"]

1. e4 c5 2. Nf3 e6 3. Nc3 Nc6 4. d4 cxd4 5. Nxd4 Qc7 6. Be3 a6 7. Nxc6 bxc6 8.
Be2 Nf6 9. O-O d5 10. exd5 cxd5 11. Na4 Bd6 12. h3 O-O 13. Nb6 1/2-1/2

[Event "XI Festival A"]
[Site "Trieste ITA"]
[Date "2009.09.05"]
[Round "8"]
[White "Epishin, Vladimir V."]
[Black "Jacob, Volker"]
[Result "1-0"]
[WhiteElo "2592"]
[BlackElo "2257"]
[PlyCount "57"]
[EventDate "2009.08.30"]

1. d4 Nf6 2. Nf3 g6 3. g3 Bg7 4. Bg2 O-O 5. O-O d6 6. a4 Nbd7 7. a5 a6 8. c4 e5
9. Nc3 Re8 10. d5 Nf8 11. e4 h6 12. b4 N6h7 13. c5 f5 14. cxd6 cxd6 15. Na4
fxe4 16. Nd2 Nf6 17. Nb6 Bg4 18. Qb3 Rb8 19. Nxe4 Nxe4 20. Bxe4 Bf5 21. Qd3 Qf6
22. Rb1 Bxe4 23. Qxe4 Qf5 24. Qxf5 gxf5 25. b5 Ng6 26. Ba3 Rbd8 27. Nc4 Bf8 28.
bxa6 bxa6 29. Rb6 1-0

[Event "XI Festival A"]
[Site "Trieste ITA"]
[Date "2009.09.05"]
[Round "8"]
[White "Fedorchuk, Sergey A."]
[Black "Genocchio, Daniele"]
[Result "1-0"]
[WhiteElo "2655"]
[BlackElo "2455"]
[PlyCount "65"]
[EventDate "2009.08.30"]

1. e4 e6 2. d4 d5 3. Nd2 c5 4. Ngf3 Nc6 5. exd5 exd5 6. Bb5 Bd6 7. O-O Nge7 8.
dxc5 Bxc5 9. Nb3 Bd6 10. Re1 O-O 11. Bg5 Bg4 12. c3 Qc7 13. h3 Bh5 14. Be2 Rfe8
15. Nfd4 Bxe2 16. Qxe2 a6 17. Rad1 Qd7 18. Bxe7 Rxe7 19. Qf3 Rxe1+ 20. Rxe1 Re8
21. Rd1 Re5 22. Qd3 g6 23. Nf3 Rf5 24. Nbd4 Rf6 25. Nc2 Bb8 26. Re1 Re6 27. Ne3
Ne5 28. Nxe5 Rxe5 29. Rd1 Qa4 30. Nxd5 Qxa2 31. Nf6+ Kg7 32. Nd7 Re8 33. Qd4+
1-0

[Event "XI Festival A"]
[Site "Trieste ITA"]
[Date "2009.09.05"]
[Round "8"]
[White "Fusari, Paolo"]
[Black "Pasquotto, Mirko"]
[Result "1-0"]
[WhiteElo "1898"]
[BlackElo "1922"]
[PlyCount "181"]
[EventDate "2009.08.30"]

1. e4 c5 2. b4 cxb4 3. a3 d5 4. exd5 Qxd5 5. Nf3 e5 6. axb4 Bxb4 7. c3 Be7 8.
Na3 a6 9. Nb5 Bd8 10. c4 Qe6 11. Bb2 Nc6 12. Be2 Rb8 13. Nc3 Nf6 14. O-O O-O
15. Re1 Bc7 16. Bd3 Qd6 17. Be4 Nxe4 18. Nxe4 Qh6 19. d3 Bg4 20. Bc1 Qh5 21.
Ng3 Bxf3 22. Nxh5 Bxd1 23. Rxd1 Rfd8 24. Ng3 Nb4 25. Ra3 g6 26. Ne4 f5 27. Ng5
Rd6 28. Rb3 a5 29. Ba3 Rbd8 30. Bxb4 axb4 31. g3 e4 32. Rxb4 Rxd3 33. Rdb1 Rd1+
34. Kg2 Rxb1 35. Rxb1 Rd2 36. Rxb7 Be5 37. Kf1 Bd4 38. Rb8+ Kg7 39. Ne6+ Kf6
40. Nxd4 Rxd4 41. c5 Rc4 42. Rc8 Ke5 43. c6 Kd4 44. Rh8 Rxc6 45. Rxh7 Kc5 46.
Rh6 g5 47. Rh5 Rg6 48. h4 gxh4 49. Rxf5+ Kd4 50. gxh4 Rh6 51. h5 Kd3 52. Rd5+
Kc4 53. Ra5 Kd3 54. Ra3+ Kd4 55. Rh3 Ke5 56. Ke2 Kf4 57. Rh1 Ke5 58. Ke3 Kf5
59. Rh2 Ke5 60. Rh4 Kf5 61. Kd4 Rd6+ 62. Kc5 Rh6 63. Kd5 Kg5 64. Rh1 Kf5 65.
Rh4 Kg5 66. Rxe4 Kxh5 67. Ke5 Kg6 68. Rg4+ Kf7 69. Rf4+ Ke7 70. Kf5 Ra6 71. Kg5
Rb6 72. Rf5 Ra6 73. Rb5 Rc6 74. f4 Rc1 75. Rb7+ Ke8 76. f5 Rg1+ 77. Kf6 Re1 78.
Rb8+ Kd7 79. Rg8 Re2 80. Kg6 Rg2+ 81. Kf7 Rf2 82. f6 Re2 83. Rg5 Rf2 84. Rd5+
Kc6 85. Rd1 Rf3 86. Kg7 Rg3+ 87. Kf8 Rf3 88. f7 Rf2 89. Rg1 Kd7 90. Kg8 Ke7 91.
Re1+ 1-0

[Event "XI Festival A"]
[Site "Trieste ITA"]
[Date "2009.09.05"]
[Round "8"]
[White "Khenkin, Igor"]
[Black "Baklan, Vladimir"]
[Result "1/2-1/2"]
[WhiteElo "2634"]
[BlackElo "2639"]
[PlyCount "51"]
[EventDate "2009.08.30"]

1. d4 Nf6 2. c4 e6 3. Nf3 b6 4. g3 Bb7 5. Bg2 Bb4+ 6. Bd2 c5 7. Bxb4 cxb4 8.
Nbd2 O-O 9. Nf1 b5 10. cxb5 Qa5 11. Ne3 Bxf3 12. Bxf3 d5 13. Qd3 Nbd7 14. O-O
Rfb8 15. Rfc1 Rxb5 16. b3 Rbb8 17. Rc2 Rc8 18. Rac1 Rxc2 19. Rxc2 g6 20. h4 Qb6
21. Ng2 a5 22. Nf4 Qb7 23. Qe3 Rc8 24. Rc1 Rxc1+ 25. Qxc1 Kg7 26. Kg2 1/2-1/2

[Event "XI Festival A"]
[Site "Trieste ITA"]
[Date "2009.09.05"]
[Round "8"]
[White "Kovchan, Alexander"]
[Black "Doric, Darko"]
[Result "1/2-1/2"]
[WhiteElo "2554"]
[BlackElo "2468"]
[PlyCount "113"]
[EventDate "2009.08.30"]

1. e4 c5 2. Nf3 d6 3. d4 cxd4 4. Nxd4 Nf6 5. Nc3 a6 6. Be3 e5 7. Nb3 Be7 8. Be2
Be6 9. O-O Nbd7 10. a4 O-O 11. a5 Qc7 12. Qd2 Qc6 13. Bf3 Rfc8 14. Rfd1 h6 15.
h3 Qc7 16. Qe1 b5 17. axb6 Nxb6 18. Na5 Nc4 19. Nxc4 Bxc4 20. Bd2 Qb7 21. b3
Be6 22. Ra2 Bd8 23. Be3 Qb4 24. Rd3 Rc6 25. Bd2 Qb7 26. Na4 Rac8 27. c4 Nd7 28.
Qd1 Qb8 29. Be3 Ba5 30. Bg4 Nf6 31. Bf3 Bb4 32. Ra1 Nd7 33. Qe2 Nc5 34. Nxc5
Bxc5 35. Bxc5 dxc5 36. Rad1 Rb6 37. Qe3 Qb7 38. Bg4 Kh7 39. Bxe6 fxe6 40. Qg3
Qxe4 41. Rd7 Qg6 42. R1d3 e4 43. Re3 Rcb8 44. Rc7 R8b7 45. Rxb7 Rxb7 46. Qd6
Qf5 47. Qxa6 Rd7 48. Qa1 Rd2 49. Qe1 Rd4 50. Qe2 Kg8 51. Kh2 Qf4+ 52. Kg1 Kh7
53. Qe1 Kg8 54. Qe2 Kh7 55. Qe1 Kg8 56. Qe2 Kh7 57. Qe1 1/2-1/2

[Event "XI Festival A"]
[Site "Trieste ITA"]
[Date "2009.09.05"]
[Round "8"]
[White "Laco, Giuseppe"]
[Black "Varini, Massimo"]
[Result "1-0"]
[WhiteElo "2135"]
[BlackElo "2084"]
[PlyCount "51"]
[EventDate "2009.08.30"]

1. c4 e5 2. Nc3 Nc6 3. a3 a5 4. g3 g6 5. Bg2 Bg7 6. d3 d6 7. e4 Nf6 8. Nge2 O-O
9. Rb1 Be6 10. h3 Qd7 11. g4 h5 12. f3 Nd4 13. Nxd4 exd4 14. Ne2 c5 15. a4 hxg4
16. hxg4 Bxg4 17. fxg4 Qxg4 18. O-O Nh5 19. Nf4 Qh4 20. Nxh5 gxh5 21. Rf4 Qg3
22. Qf3 Qe1+ 23. Qf1 Qg3 24. Rf3 Qg4 25. Bf4 Be5 26. Rg3 1-0

[Event "XI Festival A"]
[Site "Trieste ITA"]
[Date "2009.09.05"]
[Round "8"]
[White "Lenic, Luka"]
[Black "Dvirnyy, Danyyil"]
[Result "1-0"]
[WhiteElo "2565"]
[BlackElo "2440"]
[PlyCount "149"]
[EventDate "2009.08.30"]

1. e4 c5 2. Nf3 d6 3. d4 cxd4 4. Nxd4 Nf6 5. f3 Nc6 6. c4 Qb6 7. Nc2 e6 8. Nc3
a6 9. Be2 Be7 10. Rb1 O-O 11. Be3 Qc7 12. Qd2 Ne5 13. b3 b6 14. O-O Bb7 15.
Rbc1 Rac8 16. Na4 Nfd7 17. Rfd1 Bc6 18. Nc3 Qb8 19. f4 Ng6 20. Nd4 Rfe8 21.
Nxc6 Rxc6 22. g3 Rc7 23. Bf3 Nc5 24. Bg2 Rec8 25. Ne2 Bf6 26. Nd4 Ne7 27. Nc2
Nc6 28. e5 dxe5 29. Bxc6 Rxc6 30. Nb4 e4 31. Nxc6 Rxc6 32. Qg2 Qb7 33. Rc2 Rc7
34. Bxc5 bxc5 35. Re2 Bd4+ 36. Rxd4 cxd4 37. Qxe4 Qa7 38. Rd2 Rd7 39. f5 d3+
40. Kg2 e5 41. Rxd3 Rxd3 42. Qxd3 h6 43. Qd8+ Kh7 44. Qd5 Qe3 45. Qxf7 e4 46.
Qg6+ Kh8 47. Qe8+ Kh7 48. Qg6+ Kh8 49. f6 Qf3+ 50. Kh3 gxf6 51. c5 e3 52. c6
Qf1+ 53. Kh4 Qf2 54. Qxh6+ Kg8 55. Qg6+ Kf8 56. c7 Qxh2+ 57. Kg4 Qe2+ 58. Kh4
Qh2+ 59. Kg4 Qe2+ 60. Kh3 Qf1+ 61. Kh4 Qh1+ 62. Kg4 Qd1+ 63. Kf4 Qf1+ 64. Kxe3
Qg1+ 65. Ke2 Qg2+ 66. Kd3 Qd5+ 67. Ke3 Qe5+ 68. Kf3 Qd5+ 69. Qe4 Qd1+ 70. Kf2
Qd2+ 71. Qe2 Qc3 72. Qc4 Qd2+ 73. Kf3 Qd1+ 74. Kg2 Qd2+ 75. Kh3 1-0

[Event "XI Festival A"]
[Site "Trieste ITA"]
[Date "2009.09.05"]
[Round "8"]
[White "Mazi, Leon"]
[Black "Egartner, Wolfgang"]
[Result "1/2-1/2"]
[WhiteElo "2362"]
[BlackElo "2153"]
[PlyCount "66"]
[EventDate "2009.08.30"]

1. e4 c6 2. d4 d5 3. Nc3 dxe4 4. Nxe4 Nd7 5. Ng5 Ngf6 6. Bc4 e6 7. Qe2 Nb6 8.
Bb3 Qc7 9. N1f3 h6 10. Ne4 Nxe4 11. Qxe4 c5 12. Bf4 Bd6 13. Bxd6 Qxd6 14. dxc5
Qxc5 15. Ne5 a5 16. a4 O-O 17. O-O-O Qxf2 18. Rhf1 f5 19. Rxf2 fxe4 20. Re2 Nd5
21. g3 Nf6 22. Nc4 Ra6 23. Nd6 Rd8 24. Nxe4 Rxd1+ 25. Kxd1 Nxe4 26. Rxe4 Rd6+
27. Ke2 Kf7 28. Rc4 Rc6 29. Rf4+ Ke7 30. Ke3 b6 31. c3 Bd7 32. h4 Be8 33. Bc2
e5 1/2-1/2

[Event "XI Festival A"]
[Site "Trieste ITA"]
[Date "2009.09.05"]
[Round "8"]
[White "Milazzo, Mario"]
[Black "Mikhalevski, Victor"]
[Result "0-1"]
[WhiteElo "2068"]
[BlackElo "2631"]
[PlyCount "78"]
[EventDate "2009.08.30"]

1. c4 e6 2. Nc3 d5 3. d4 Nf6 4. Nf3 Nbd7 5. g3 dxc4 6. Bg2 c6 7. a4 Bb4 8. O-O
O-O 9. Qc2 Qe7 10. Rd1 e5 11. dxe5 Nxe5 12. Nxe5 Qxe5 13. Bf4 Qh5 14. Ne4 Nxe4
15. Bxe4 Bg4 16. f3 Be6 17. g4 Qc5+ 18. Kg2 g6 19. Bd6 Qa5 20. Bxf8 Rxf8 21. f4
Bxg4 22. Qxc4 Re8 23. Rd4 Bf8 24. Bf3 Be6 25. Qc2 Bg7 26. Rd2 Qb4 27. e4 Bb3
28. Qd3 Bxa4 29. Qd7 Rf8 30. Qd6 c5 31. Rf1 Bd4 32. Rxd4 Qxd4 33. Qxd4 cxd4 34.
Ra1 b5 35. Kf2 Rc8 36. b3 Bxb3 37. Rxa7 Rc2+ 38. Kg3 d3 39. Rd7 d2 0-1

[Event "XI Festival A"]
[Site "Trieste ITA"]
[Date "2009.09.05"]
[Round "8"]
[White "Mufic, Goran"]
[Black "Kragelj, Igor"]
[Result "1/2-1/2"]
[WhiteElo "2305"]
[BlackElo "2232"]
[PlyCount "89"]
[EventDate "2009.08.30"]

1. Nf3 Nf6 2. d4 e6 3. Bf4 c5 4. c3 cxd4 5. cxd4 Qb6 6. Qb3 Qxb3 7. axb3 Nc6 8.
Bd2 Ne4 9. e3 d5 10. Bd3 Bd7 11. Ke2 Nxd2 12. Nfxd2 Nb4 13. Nc3 Nxd3 14. Kxd3
Bb4 15. f4 Ke7 16. Nf3 f6 17. Ne1 a6 18. Kd2 Bd6 19. Nd3 a5 20. Na4 Bxa4 21.
bxa4 Rhc8 22. Rhc1 b6 23. g4 Rxc1 24. Rxc1 Kd7 25. Rg1 Rc8 26. g5 fxg5 27. Rxg5
g6 28. Rg3 Ke7 29. Rh3 h5 30. Rg3 Kf6 31. Ne5 Bxe5 32. dxe5+ Kf7 33. b3 Rc5 34.
Rg1 Rc6 35. h4 Rc5 36. Rb1 Rc6 37. Kd3 Rc5 38. Re1 Ke7 39. Rg1 Kf7 40. Re1 Ke7
41. Rb1 Kf7 42. Rg1 Rc6 43. Kd2 Rc5 44. Re1 Ke7 45. Rg1 1/2-1/2

[Event "XI Festival A"]
[Site "Trieste ITA"]
[Date "2009.09.05"]
[Round "8"]
[White "Piscopo, Pierluigi"]
[Black "Tratar, Marko"]
[Result "0-1"]
[WhiteElo "2415"]
[BlackElo "2494"]
[PlyCount "80"]
[EventDate "2009.08.30"]

1. e4 e6 2. Qe2 d5 3. exd5 Qxd5 4. Nc3 Qd8 5. Nf3 c5 6. g3 Nc6 7. Bg2 Nh6 8.
Ne4 Be7 9. d4 cxd4 10. Bxh6 gxh6 11. O-O O-O 12. Ned2 Bf6 13. Nc4 Qc7 14. Rfe1
Bg7 15. Rad1 Rd8 16. a3 b6 17. Nfe5 Nxe5 18. Nxe5 Bb7 19. Bxb7 Qxb7 20. Qg4 Qc7
21. Rxd4 Rxd4 22. Qxd4 Qxc2 23. Qf4 Qc7 24. b4 Rd8 25. a4 Rd5 26. Nf3 Qxf4 27.
gxf4 Rd3 28. Ne5 Ra3 29. Nc6 Rxa4 30. f5 Ra1 31. Rxa1 Bxa1 32. Nxa7 Kg7 33.
fxe6 fxe6 34. f4 Bc3 35. Kf2 Bxb4 36. Kf3 Kf6 37. Ke4 Bc5 38. h3 Bd6 39. Nb5
Bb8 40. Nd4 Bxf4 0-1